Statistics for Les Miserables - Missing Lyrics CROSSWORD

Click here to take the quiz!

General Stats

  • This quiz has been taken 210 times
  • The average score is 8 of 11

Answer Stats

Answer% Correct
To love another person is to see the face of {God}
90%
But the tigers come at night, with their voices soft as {thunder}
83%
Oh my friends, my friends don't ask me, what your {sacrifice} was for
82%
Those who follow the path of the righteous will have their {reward}
77%
Seldom do you see {honest} men like me
72%
A {ghost} you say, a {ghost} maybe, she was just like a {ghost} to me
70%
Comforter , {philosopher} and life-long mate
68%
The usual price for just on slice of your {pie}
67%
Monsieur Le Mayor, you'll wear a different {chain}
66%
I know a place where no one's {lost}, I know a place where no one cries
61%
How can I now allow this man, to hold {dominion} over me?
37%

Score Distribution

Percentile by Number Answered

Percent of People with Each Score

Your Score History

You have not taken this quiz